| 000 | 01861cam a2200385 a 4500 | ||
|---|---|---|---|
| 001 | 8751152 | ||
| 003 | ARRUPE | ||
| 005 | 20131028171843.0 | ||
| 006 | m u | ||
| 007 | cr cn||||||||| | ||
| 008 | 070615s2007 enk sb 001 0 eng | ||
| 010 | _z 2007025289 | ||
| 020 | _z9780754670971 (alk. paper) | ||
| 020 | _z075467097X (alk. paper) | ||
| 035 | _a(CaPaEBR)ebr10209157 | ||
| 035 | _a(NNC)8751152 | ||
| 040 |
_aCaPaEBR _cCaPaEBR |
||
| 050 | 1 | 4 |
_aLB2395.7 _b.B73 2007 |
| 082 | 0 | 4 |
_a378.1/7344678 _222 |
| 100 | 1 |
_aBrabazon, Tara. _93048 |
|
| 245 | 1 | 4 |
_aThe University of Google _h[electronic resource] : _beducation in the (post) information age / _cTara Brabazon. |
| 260 |
_aAldershot, Hampshire, England ; _aBurlington, VT : _bAshgate, _cc2007. |
||
| 300 |
_a234 p. ; _c25 cm. |
||
| 504 | _aIncludes bibliographical references (p. [223]-224) and index. | ||
| 505 | 0 | _aLiving (in the) post -- BA (Google) : graduating to information literacy -- Digital Eloi and analogue Morlocks -- Stretching flexible learning -- An i-diots guide to i-lectures -- Popular culture and the sensuality of education -- Exploiting knowledge? -- Deglobalizing education -- Burning towers and smoldering truth : September 11 and the changes to critical literacy -- The gift : why education matters. | |
| 533 |
_aElectronic reproduction. _bPalo Alto, Calif. : _cebrary, _d2009. _nAvailable via World Wide Web. _nAccess may be limited to ebrary affiliated libraries. |
||
| 650 | 0 |
_aEducation, Higher _xEffect of technological innovations on. _93049 |
|
| 650 | 0 |
_aInternet in higher education. _93050 |
|
| 650 | 0 |
_aTeaching. _93051 |
|
| 655 | 7 |
_aElectronic books. _2local _93052 |
|
| 710 | 2 |
_aebrary, Inc. _93053 |
|
| 856 | 4 | 0 |
_uhttp://www.columbia.edu/cgi-bin/cul/resolve?clio8751152 _zClick here for full text. |
| 942 |
_2lcc _cMONOGRAPH |
||
| 999 |
_c118473 _d118473 |
||